000 00649nam a2200217Ii 4500
003 JO-AjNU
008 230606s9999||||xx |||||||||||||| ||und||
020 _a0-07-041885-1
040 _aJO-AjNU
_beng
_erda
_cJO-AjNU
041 _aeng
050 1 4 _aHF5635.M4887 1993
100 3 _aMeigs,Robert F., Walter B. Meigs,
_eauthor
_96781
245 0 0 _aAccounting: The Basis for Business Decisions
250 _a9th ed ,international edition
264 3 1 _aNew york: McGraw-Hill, 1993
300 _a1223p
336 _atext
_btxt
_2rdacontent
337 _aunmediated
_bn
_2rdamedia
338 _avolume
_bnc
_2rdacarrier
650 4 _aAccounting
_96782
999 _aE3532
_c3515
_d3515